| 000 | 00592nam a2200217 a 4500 | ||
|---|---|---|---|
| 999 |
_c4447 _d4447 |
||
| 001 | 4447 | ||
| 003 | BD-JhCC | ||
| 005 | 20171127181915.0 | ||
| 008 | 171127s1961 enk |||| ||a| 00| 0 eng d | ||
| 035 | _a(BD-JhCC)4447 | ||
| 040 |
_aBD-JhCC _dBD-JhCC |
||
| 041 | _aeng | ||
| 082 |
_a428.6 _bHOR 1961 |
||
| 100 | _aHorbnby, A. S. | ||
| 245 |
_aThe Teaching of Structural Words and Sentence Patterns / _cA. S. Horbnby |
||
| 260 |
_aGreat Bretain : _bThe English Language Book Society _c1961. |
||
| 300 |
_a162 p. : _c18 cm. |
||
| 650 | _aEnglish Language | ||
| 942 |
_2ddc _cBK |
||